[Event "VI Festival A"]
[Site "Savigliano ITA"]
[Date "2007.06.01"]
[Round "2"]
[White "Viglino, Antonio"]
[Black "Mrdja, Milan"]
[Result "0-1"]
[WhiteElo "1847"]
[BlackElo "2367"]
[PlyCount "75"]
[EventDate "2007.05.31"]

1. Nf3 d5 2. d4 Nc6 3. c4 Bg4 4. Nc3 e6 5. e3 Nf6 6. cxd5 exd5 7. Bb5 Bd6 8. h3
Bd7 9. O-O O-O 10. a3 Re8 11. Qc2 Qe7 12. b4 a5 13. bxa5 Nxa5 14. Bd3 c6 15.
Na4 Qd8 16. Nc5 Bc8 17. Bb2 b6 18. Nb3 Nxb3 19. Qxb3 Ba6 20. Rfd1 Bxd3 21. Qxd3
Ra4 22. Nd2 Qc8 23. f3 Bf8 24. e4 dxe4 25. fxe4 c5 26. d5 Nxe4 27. Nc4 Qa6 28.
Rac1 Nd6 29. Ne3 Qxd3 30. Rxd3 c4 31. Rdc3 b5 32. Nc2 Ne4 33. Rf3 Raa8 34. Nd4
Bc5 35. Kh2 c3 36. Bxc3 Nxc3 37. Rcxc3 Bxd4 38. Rc7 0-1

[Event "VI Festival A"]
[Site "Savigliano ITA"]
[Date "2007.06.02"]
[Round "3"]
[White "Abbura', Davide"]
[Black "Vinciguerra, Marco"]
[Result "0-1"]
[WhiteElo "1683"]
[BlackElo "2059"]
[PlyCount "74"]
[EventDate "2007.05.31"]

1. e4 d5 2. exd5 Nf6 3. d4 Nxd5 4. Nf3 g6 5. h3 Bg7 6. c3 O-O 7. Bd3 c5 8. dxc5
e6 9. O-O Qc7 10. Nbd2 Nd7 11. c6 bxc6 12. Ne4 c5 13. Bd2 Nf4 14. Bxf4 Qxf4 15.
Qc1 Qc7 16. Qg5 Bb7 17. Qh4 Rab8 18. Rab1 Rfd8 19. Rfd1 Ne5 20. Be2 Nxf3+ 21.
Bxf3 Rxd1+ 22. Bxd1 Qe5 23. Bf3 f5 24. Ng5 h6 25. Bxb7 hxg5 26. Qxg5 Rxb7 27.
Qxg6 Qf6 28. Qe8+ Kh7 29. Qh5+ Qh6 30. Qf3 Rb6 31. Qd3 Rxb2 32. Rxb2 Qc1+ 33.
Kh2 Qxb2 34. Qf3 Qd2 35. Qh5+ Qh6 36. Qf7 a5 37. Qa7 Qf6 0-1

[Event "VI Festival A"]
[Site "Savigliano ITA"]
[Date "2007.06.02"]
[Round "3"]
[White "Angioni, Gian Carlo"]
[Black "Leoni, Alessandro"]
[Result "0-1"]
[WhiteElo "1805"]
[BlackElo "1838"]
[PlyCount "78"]
[EventDate "2007.05.31"]

1. Nc3 c5 2. Nf3 Nc6 3. e3 a6 4. Be2 Nf6 5. O-O d5 6. d4 e6 7. Re1 Bd6 8. Bf1
O-O 9. a3 Qc7 10. dxc5 Bxc5 11. Ne2 e5 12. Ng3 h6 13. b4 Bd6 14. Bb2 Bg4 15.
Be2 b5 16. Qd2 Rfd8 17. Nh4 Be6 18. Nhf5 Bf8 19. Rad1 Ne4 20. Qc1 Nd6 21. Nxd6
Bxd6 22. Rd2 e4 23. Qd1 Be5 24. Bxe5 Nxe5 25. f4 exf3 26. gxf3 Qc3 27. Rd3 Nxd3
28. Bxd3 Qxa3 29. Qd2 Rac8 30. Qg2 Qxb4 31. Rf1 Qh4 32. Ra1 Bh3 33. Qd2 Qf6 34.
Qd1 Rd6 35. f4 Re8 36. Ra3 Rde6 37. Qf3 Kh8 38. Nh5 Qh4 39. Bf1 Bg4 0-1

[Event "VI Festival A"]
[Site "Savigliano ITA"]
[Date "2007.06.02"]
[Round "3"]
[White "Araniti, Michelangelo"]
[Black "Artero, Carlo"]
[Result "1-0"]
[WhiteElo "1869"]
[BlackElo "1548"]
[PlyCount "43"]
[EventDate "2007.05.31"]

1. Nf3 d5 2. d4 Nf6 3. Nc3 Bf5 4. Bf4 e6 5. e3 Nbd7 6. Bd3 Bxd3 7. cxd3 c5 8.
dxc5 Bxc5 9. O-O O-O 10. Rc1 Qb6 11. Na4 Qb5 12. a3 Rac8 13. b4 Be7 14. Qb3 a5
15. Nd4 Qa6 16. b5 Qa7 17. b6 Qa6 18. Bc7 e5 19. Nf5 Rfe8 20. Rc2 Rxc7 21. bxc7
b5 22. Nxe7+ 1-0

[Event "VI Festival A"]
[Site "Savigliano ITA"]
[Date "2007.06.02"]
[Round "3"]
[White "Biancotti, Alessandro"]
[Black "Belezky, Alexander"]
[Result "0-1"]
[WhiteElo "1856"]
[BlackElo "2404"]
[PlyCount "78"]
[EventDate "2007.05.31"]

1. e4 d6 2. d4 Nf6 3. Nc3 c6 4. Nf3 Bg4 5. Be2 b5 6. a3 a6 7. O-O e6 8. h3 Bxf3
9. Bxf3 d5 10. exd5 cxd5 11. Re1 Be7 12. Bg5 O-O 13. Qe2 Nc6 14. Rad1 Rc8 15.
Nb1 Nd7 16. Bxe7 Nxe7 17. Bg4 Nb6 18. c3 Na4 19. Rc1 Rc6 20. Rc2 Nc8 21. f4 Nd6
22. Nd2 Re8 23. Qe5 f5 24. Bf3 Ne4 25. Nxe4 dxe4 26. Bxe4 fxe4 27. Qxe4 Rc8 28.
Rce2 Qd7 29. g4 Rf8 30. Qxe6+ Qxe6 31. Rxe6 Nxb2 32. Rxa6 Rxf4 33. Rb1 Na4 34.
Rxb5 Nxc3 35. Rb7 Ne4 36. Rb1 Rf3 37. Ra7 Rg3+ 38. Kh1 Rxh3+ 39. Kg1 Rg3+ 0-1

[Event "VI Festival A"]
[Site "Savigliano ITA"]
[Date "2007.06.02"]
[Round "3"]
[White "Blengino, Luca"]
[Black "Mennuti, Alberto"]
[Result "1-0"]
[WhiteElo "1854"]
[BlackElo "1710"]
[PlyCount "68"]
[EventDate "2007.05.31"]

1. d4 d5 2. c4 c6 3. Nf3 Nf6 4. Nc3 e6 5. Bg5 dxc4 6. a4 Nbd7 7. e3 Qa5 8. Bxf6
Nxf6 9. Ne5 Bb4 10. Rc1 O-O 11. Bxc4 Bd6 12. f4 Nd5 13. Bxd5 exd5 14. O-O Re8
15. Qh5 Qc7 16. Nxd5 Qd8 17. Qxf7+ Kh8 18. Nc3 Be6 19. Qh5 Bxe5 20. fxe5 Bc4
21. Rf4 Rf8 22. Qd1 Qb6 23. Qd2 Rad8 24. Rxf8+ Rxf8 25. Ne4 Bd5 26. Nc5 Qc7 27.
e4 b6 28. exd5 bxc5 29. Rxc5 Qf7 30. Rc1 Qxd5 31. Qc3 h6 32. Qc5 Qf7 33. h3
Qf2+ 34. Kh1 Qxb2 1-0

[Event "VI Festival A"]
[Site "Savigliano ITA"]
[Date "2007.06.02"]
[Round "3"]
[White "Borgo, Giulio"]
[Black "Rossi, Vittorio"]
[Result "1-0"]
[WhiteElo "2418"]
[BlackElo "2213"]
[PlyCount "43"]
[EventDate "2007.05.31"]

1. e4 b6 2. d4 Bb7 3. Bd3 g6 4. f4 e6 5. c4 Bg7 6. Nf3 d6 7. O-O Ne7 8. Nc3 c5
9. d5 exd5 10. cxd5 O-O 11. Qe1 Nd7 12. Bd2 Nf6 13. Qh4 Qd7 14. h3 a6 15. Ne2
Rfe8 16. Bc3 c4 17. Bxf6 cxd3 18. Ng3 Rac8 19. f5 Bf8 20. b3 h6 21. Bd4 Rc2 22.
Qf6 1-0

[Event "VI Festival A"]
[Site "Savigliano ITA"]
[Date "2007.06.02"]
[Round "3"]
[White "Cordara, Michele"]
[Black "Sola, Giuseppe"]
[Result "0-1"]
[WhiteElo "2152"]
[BlackElo "1935"]
[PlyCount "110"]
[EventDate "2007.05.31"]

1. Nf3 Nf6 2. c4 g6 3. g3 Bg7 4. Nc3 O-O 5. Bg2 c6 6. e4 d6 7. O-O Be6 8. d3
Qc8 9. Re1 Bh3 10. Bh1 h6 11. Bd2 Nbd7 12. b4 Ne5 13. Nxe5 dxe5 14. Qc2 Rd8 15.
Rad1 Nd7 16. Be3 Nf8 17. Ne2 Ne6 18. Qd2 Kh7 19. f4 exf4 20. Nxf4 Nxf4 21. Bxf4
Bd4+ 22. Be3 e5 23. Qf2 Qe6 24. Bg2 Bxg2 25. Kxg2 Kg7 26. Qd2 Bxe3 27. Rxe3 Rd4
28. Qc3 Rad8 29. Rf1 R8d7 30. a3 h5 31. h3 Qd6 32. Rff3 Qe7 33. Qb2 b6 34. Qc3
Qd8 35. Qb2 Qg5 36. Qf2 Qd8 37. Qb2 Qc7 38. Qf2 c5 39. b5 Qc8 40. a4 a6 41. g4
hxg4 42. hxg4 axb5 43. axb5 Qd8 44. Qg3 Qg5 45. Kf2 Ra7 46. Re2 Rd8 47. Qh2 Rh8
48. Rh3 Rxh3 49. Qxh3 Ra1 50. Kg2 Qc1 51. Rf2 Qg1+ 52. Kf3 Rd1 53. Ke3 Qe1+ 54.
Re2 Qc3 55. Kf2 Rxd3 0-1

[Event "VI Festival A"]
[Site "Savigliano ITA"]
[Date "2007.06.02"]
[Round "3"]
[White "Davi, Alessandro"]
[Black "Lizzari, Nicola"]
[Result "1-0"]
[WhiteElo "1731"]
[BlackElo "1859"]
[PlyCount "135"]
[EventDate "2007.05.31"]

1. d4 Nf6 2. c4 e6 3. Nf3 d5 4. Nc3 c6 5. cxd5 exd5 6. Bg5 Nbd7 7. e3 Bb4 8.
Bd3 Qa5 9. Qc2 O-O 10. O-O Bxc3 11. bxc3 Re8 12. Rfc1 Ne4 13. Bf4 Nf8 14. h3
Qd8 15. Rab1 Ng6 16. Bh2 Qf6 17. Ne5 Qg5 18. Bxe4 dxe4 19. Bg3 Nxe5 20. dxe5 h5
21. Qxe4 Bf5 22. Qb4 Bxb1 23. Rxb1 b6 24. Rd1 c5 25. Qc4 Qf5 26. Rd6 Rad8 27.
Qa6 g5 28. h4 Rxd6 29. exd6 gxh4 30. Bxh4 Qd7 31. Bg3 f6 32. Qd3 Kg7 33. Qd5
Rd8 34. Qxh5 Rh8 35. Qd1 Rd8 36. Bf4 Qf5 37. f3 Kf7 38. Qb3+ Qe6 39. Kf2 Qxb3
40. axb3 b5 41. Ke2 f5 42. Kd3 Ke6 43. e4 Rd7 44. b4 cxb4 45. cxb4 Rg7 46. g3
fxe4+ 47. Kxe4 Rg8 48. Be3 a6 49. g4 Kxd6 50. Bb6 Ke6 51. Kf4 Rc8 52. Kg5 Rg8+
53. Kh4 Rc8 54. Kg3 Rc4 55. Ba5 Kf6 56. f4 Kg6 57. f5+ Kg5 58. Bd8+ Kh6 59. Be7
Re4 60. g5+ Kh5 61. f6 Kg6 62. Kf3 Re5 63. Kf4 Re1 64. Bd8 Kf7 65. Kf5 Rf1+ 66.
Kg4 Kg6 67. Bb6 Rg1+ 68. Bxg1 1-0

[Event "VI Festival A"]
[Site "Savigliano ITA"]
[Date "2007.06.02"]
[Round "3"]
[White "Finocchiaro, Gianluca"]
[Black "Gallucci, Alessio"]
[Result "1/2-1/2"]
[WhiteElo "1939"]
[BlackElo "1994"]
[PlyCount "64"]
[EventDate "2007.05.31"]

1. d4 Nf6 2. Nf3 e6 3. Bf4 Be7 4. e3 Nh5 5. Bg3 Nxg3 6. hxg3 Nc6 7. c3 b6 8.
Bd3 h6 9. Nbd2 Bb7 10. Qe2 d6 11. g4 Qd7 12. a4 a6 13. g5 e5 14. gxh6 Rxh6 15.
Rxh6 gxh6 16. Nh2 exd4 17. exd4 O-O-O 18. Bxa6 Re8 19. Bxb7+ Kxb7 20. O-O-O Na5
21. Qb5 c6 22. Qd3 Bg5 23. Kb1 c5 24. dxc5 Qxa4 25. Qd5+ Ka6 26. Qd3+ Kb7 27.
Qf3+ Ka7 28. Ndf1 dxc5 29. Ne3 Bxe3 30. fxe3 Rxe3 31. Qxe3 Qxd1+ 32. Ka2 Qa4+
1/2-1/2

[Event "VI Festival A"]
[Site "Savigliano ITA"]
[Date "2007.06.02"]
[Round "3"]
[White "Gallitto, Salvatore"]
[Black "Gussone, Claudio"]
[Result "1-0"]
[WhiteElo "1939"]
[BlackElo "1914"]
[PlyCount "67"]
[EventDate "2007.05.31"]

1. e4 d6 2. d4 Nf6 3. Bd3 g6 4. Nf3 Bg7 5. h3 O-O 6. Be3 c6 7. Qd2 Nbd7 8. Bh6
Bxh6 9. Qxh6 e5 10. c3 Re8 11. Nbd2 Nf8 12. O-O Nh5 13. Rfe1 Qf6 14. Bf1 a5 15.
Rad1 a4 16. dxe5 dxe5 17. Nc4 Be6 18. Ncxe5 Bxa2 19. Ng4 Qg7 20. Qe3 Kh8 21.
Qb6 Rab8 22. Rd4 Nf4 23. Rxa4 h5 24. Rxa2 hxg4 25. hxg4 Qh6 26. Qe3 N8e6 27.
Bc4 f6 28. Bxe6 Rxe6 29. g3 g5 30. Nd4 Re5 31. gxf4 gxf4 32. Qf3 Rg8 33. Nf5
Qh4 34. Nxh4 1-0

[Event "VI Festival A"]
[Site "Savigliano ITA"]
[Date "2007.06.02"]
[Round "3"]
[White "Giacomasso, Enrico"]
[Black "Scipioni, Gaetano"]
[Result "1-0"]
[WhiteElo "1948"]
[BlackElo "2096"]
[PlyCount "51"]
[EventDate "2007.05.31"]

1. e4 d6 2. d4 Nf6 3. Nc3 c6 4. Bd3 e5 5. Nf3 Nbd7 6. O-O Be7 7. a4 O-O 8. h3
h6 9. Be3 b6 10. Ne2 Qc7 11. c3 a5 12. Ng3 Re8 13. Nh2 Ba6 14. f4 Bxd3 15. Qxd3
Rad8 16. Rae1 Bf8 17. Bd2 Qb7 18. Qf3 c5 19. fxe5 dxe5 20. d5 b5 21. axb5 Qxb5
22. Bc1 Qa6 23. Nf5 Nh7 24. Ng4 Qg6 25. Nh4 Qh5 26. Nxh6+ 1-0

[Event "VI Festival A"]
[Site "Savigliano ITA"]
[Date "2007.06.02"]
[Round "3"]
[White "Gioseffi, Massimiliano"]
[Black "Petritaj, Ferdinando"]
[Result "0-1"]
[WhiteElo "1939"]
[BlackElo "2141"]
[PlyCount "58"]
[EventDate "2007.05.31"]

1. d4 Nf6 2. c4 e6 3. Nf3 b6 4. g3 Bb7 5. Bg2 c5 6. d5 exd5 7. Nh4 g6 8. Nc3
Bg7 9. cxd5 O-O 10. O-O d6 11. e4 Re8 12. Re1 a6 13. a4 Nbd7 14. f4 Qc7 15. Be3
c4 16. Bd4 Nc5 17. e5 Nfd7 18. e6 Nd3 19. Re4 Bxd4+ 20. Rxd4 fxe6 21. Rxd3 cxd3
22. Qxd3 Nc5 23. Qf3 Qg7 24. Rd1 exd5 25. Nxd5 Rac8 26. b4 Ne4 27. Qb3 Kh8 28.
Qd3 Bxd5 29. Qxd5 Nc3 0-1

[Event "VI Festival A"]
[Site "Savigliano ITA"]
[Date "2007.06.02"]
[Round "3"]
[White "Martin, Tiziano"]
[Black "Saccona, Silvano"]
[Result "0-1"]
[WhiteElo "2008"]
[BlackElo "2159"]
[PlyCount "80"]
[EventDate "2007.05.31"]

1. e4 c6 2. d3 d5 3. Nd2 Nf6 4. Ngf3 Bg4 5. Be2 e6 6. O-O Nbd7 7. Ne1 Bxe2 8.
Qxe2 Qb6 9. e5 Ng8 10. Nef3 c5 11. Re1 Ne7 12. c4 Rd8 13. cxd5 Nxd5 14. Nc4 Qc7
15. Ng5 Nb8 16. Ne4 Nc6 17. Ncd6+ Bxd6 18. Nxd6+ Kf8 19. f4 Nd4 20. Qf2 h5 21.
Be3 Nxe3 22. Rxe3 g6 23. Rc1 Qb6 24. Ree1 h4 25. Ne4 h3 26. Rxc5 hxg2 27. Rec1
Kg7 28. Kxg2 Nf5 29. R1c3 Rd7 30. Ng3 Nh4+ 31. Kh1 Qa6 32. f5 exf5 33. e6 Qxe6
34. d4 Qf6 35. d5 Qe5 36. Rd3 f4 37. Qe2 Qxe2 38. Nxe2 Re8 39. Ng1 Re1 40. d6
f3 0-1

[Event "VI Festival A"]
[Site "Savigliano ITA"]
[Date "2007.06.02"]
[Round "3"]
[White "Medaglia, Enzo"]
[Black "Militello, Michele"]
[Result "1-0"]
[WhiteElo "1840"]
[BlackElo "2020"]
[PlyCount "76"]
[EventDate "2007.05.31"]

1. e4 d6 2. Nf3 e5 3. c3 Nf6 4. Qc2 Be7 5. d4 Nbd7 6. Be2 O-O 7. Bg5 c6 8. Nbd2
Re8 9. dxe5 dxe5 10. O-O-O b5 11. Nh4 Qa5 12. Kb1 h6 13. Be3 Nf8 14. Nb3 Qa4
15. Bd3 Ng4 16. Nf5 Nxe3 17. fxe3 Be6 18. h4 Rac8 19. g4 f6 20. Rdg1 Kh7 21.
Qd1 Bf7 22. Bc2 Rcd8 23. Qf3 Qc4 24. Nc1 Qc5 25. g5 h5 26. Nxg7 fxg5 27. Qxf7
Qc4 28. Qxc4 bxc4 29. Nxe8 Rxe8 30. hxg5 Kg6 31. Bd1 Rb8 32. Bxh5+ Kg7 33. Rf1
Ng6 34. Ne2 Ba3 35. b3 cxb3 36. axb3 Rxb3+ 37. Ka2 Rb2+ 38. Kxa3 Rxe2 1-0

[Event "VI Festival A"]
[Site "Savigliano ITA"]
[Date "2007.06.02"]
[Round "3"]
[White "Mrdja, Milan"]
[Black "Aglietti, Graziano"]
[Result "1-0"]
[WhiteElo "2367"]
[BlackElo "2054"]
[PlyCount "61"]
[EventDate "2007.05.31"]

1. e4 c5 2. Nf3 e6 3. d4 cxd4 4. Nxd4 Nf6 5. Nc3 Nc6 6. Ndb5 d6 7. Bf4 e5 8.
Bg5 a6 9. Bxf6 gxf6 10. Na3 b5 11. Nd5 f5 12. Bd3 Be6 13. c3 Rg8 14. Nc2 f4 15.
g3 Bg4 16. Be2 Bh3 17. Qd3 Bh6 18. g4 Bg2 19. Rg1 f3 20. Bxf3 Bxf3 21. Qxf3 Rg6
22. h4 Rc8 23. g5 Bg7 24. O-O-O a5 25. Kb1 b4 26. cxb4 axb4 27. Ndxb4 Nd4 28.
Nxd4 exd4 29. Qd3 Qa5 30. a3 Kf8 31. f4 1-0

[Event "VI Festival A"]
[Site "Savigliano ITA"]
[Date "2007.06.02"]
[Round "3"]
[White "Peric, Slavisa"]
[Black "Blundo, Michele"]
[Result "1-0"]
[WhiteElo "2289"]
[BlackElo "1742"]
[PlyCount "47"]
[EventDate "2007.05.31"]

1. d4 Nf6 2. Nf3 d5 3. c4 e6 4. Nc3 Be7 5. Bg5 Nbd7 6. e3 O-O 7. Qc2 b6 8. cxd5
exd5 9. Bd3 Bb7 10. O-O c5 11. dxc5 Bxc5 12. Bxh7+ Kh8 13. Bf5 Be7 14. Rfd1 Qe8
15. Rac1 g6 16. Bxd7 Qxd7 17. e4 Rac8 18. Qb1 Rc5 19. b4 Rxc3 20. Rxc3 Nxe4 21.
Qxe4 Bxg5 22. Nxg5 f5 23. Qe5+ Kg8 24. Rh3 1-0

[Event "VI Festival A"]
[Site "Savigliano ITA"]
[Date "2007.06.02"]
[Round "3"]
[White "Pulito, Alberto"]
[Black "Ariaudo, Claudio"]
[Result "1-0"]
[WhiteElo "2277"]
[BlackElo "2025"]
[PlyCount "101"]
[EventDate "2007.05.31"]

1. e4 e6 2. d4 d5 3. e5 c5 4. c3 Nc6 5. Nf3 Bd7 6. Be2 Nge7 7. Na3 Ng6 8. h4
Be7 9. h5 Nh4 10. Nxh4 Bxh4 11. h6 g6 12. Nc2 Be7 13. Be3 cxd4 14. cxd4 Nb4 15.
O-O Nxc2 16. Qxc2 Qa5 17. Rfc1 Rc8 18. Qb3 Rxc1+ 19. Rxc1 Bc6 20. a3 O-O 21.
Qd3 Rc8 22. b4 Qd8 23. Qd2 Bd7 24. Rxc8 Qxc8 25. Bg5 Qd8 26. Bxe7 Qxe7 27. Qf4
Kf8 28. g3 a6 29. Kg2 Bc6 30. Bd3 Kg8 31. Qf6 Qxf6 32. exf6 b5 33. Kf3 Kf8 34.
Kf4 Ke8 35. Ke5 Kd7 36. Be2 Kc7 37. Bd3 Kd7 38. Bc2 Bb7 39. Bd1 Bc8 40. Bg4 Bb7
41. Bh3 Bc8 42. Bg2 Bb7 43. f4 Bc6 44. Bf3 Bb7 45. g4 Bc6 46. Bd1 Bb7 47. f5
gxf5 48. gxf5 exf5 49. Bc2 Ke8 50. Bxf5 Kf8 51. Bxh7 1-0

[Event "VI Festival A"]
[Site "Savigliano ITA"]
[Date "2007.06.02"]
[Round "3"]
[White "Sattanino, Andrea"]
[Black "Malano, Francesco"]
[Result "0-1"]
[WhiteElo "1855"]
[BlackElo "1980"]
[PlyCount "32"]
[EventDate "2007.05.31"]

1. d4 d5 2. c4 e6 3. Nc3 c6 4. Nf3 dxc4 5. a4 Bb4 6. e3 b5 7. Bd2 a5 8. b3 Bxc3
9. Bxc3 b4 10. Bb2 c3 11. Bc1 Nf6 12. Bd3 O-O 13. O-O Ba6 14. Qc2 Bxd3 15. Qxd3
Qd5 16. Qc2 Nbd7 0-1

[Event "VI Festival A"]
[Site "Savigliano ITA"]
[Date "2007.06.02"]
[Round "3"]
[White "Viglino, Antonio"]
[Black "Aghayev, Miragha"]
[Result "1/2-1/2"]
[WhiteElo "1847"]
[BlackElo "1923"]
[PlyCount "29"]
[EventDate "2007.05.31"]

1. Nf3 Nf6 2. c4 e6 3. g3 d5 4. d4 c6 5. Bg2 Nbd7 6. O-O Bd6 7. Nc3 O-O 8. Nd2
Bc7 9. e4 dxe4 10. Ndxe4 h6 11. b3 Nxe4 12. Nxe4 Nf6 13. Qe2 Nxe4 14. Qxe4 Qf6
15. Bb2 1/2-1/2

[Event "VI Festival A"]
[Site "Savigliano ITA"]
[Date "2007.06.02"]
[Round "3"]
[White "Vozza, Nicola"]
[Black "Barletta, Mauro"]
[Result "0-1"]
[WhiteElo "1995"]
[BlackElo "2253"]
[PlyCount "54"]
[EventDate "2007.05.31"]

1. d4 d5 2. c4 e6 3. Nc3 Nf6 4. cxd5 exd5 5. Bg5 Nbd7 6. e3 Be7 7. Bd3 c6 8.
Qc2 Nh5 9. Bxe7 Qxe7 10. Nf3 Nf4 11. O-O Nxd3 12. Qxd3 O-O 13. a3 Nf6 14. h3
Ne4 15. Nd2 Nxd2 16. Qxd2 Bf5 17. b4 a6 18. Na4 Rad8 19. Nc5 Rd6 20. Rfc1 Rg6
21. Kf1 Qd6 22. f4 Rg3 23. Rc3 Qg6 24. Qf2 b6 25. Na4 Be4 26. Ra2 Bxg2+ 27.
Qxg2 Qb1+ 0-1

[Event "VI Festival A"]
[Site "Savigliano ITA"]
[Date "2007.06.02"]
[Round "4"]
[White "Aglietti, Graziano"]
[Black "Petritaj, Ferdinando"]
[Result "0-1"]
[WhiteElo "2054"]
[BlackElo "2141"]
[PlyCount "94"]
[EventDate "2007.05.31"]

1. d4 Nf6 2. c4 e6 3. Nc3 Bb4 4. Qc2 O-O 5. Bg5 d5 6. e3 Nbd7 7. Bd3 h6 8. Bh4
Qe8 9. Nf3 c6 10. O-O b6 11. Qa4 dxc4 12. Bxc4 Bxc3 13. Qxc6 Bb7 14. Qxb7 Bxb2
15. Rab1 Ba3 16. Bb5 Qc8 17. Qa6 Qxa6 18. Bxa6 g5 19. Rb3 Bd6 20. Bg3 Bxg3 21.
hxg3 Rad8 22. Rc1 Nb8 23. Bd3 Rc8 24. Rbc3 Rxc3 25. Rxc3 Nd5 26. Rc1 a6 27. e4
Nb4 28. Bb1 Rd8 29. a3 N4c6 30. Ba2 Ne7 31. d5 exd5 32. exd5 Nf5 33. g4 Nd6 34.
Nd4 Re8 35. Nf5 Nxf5 36. gxf5 Kg7 37. Kf1 h5 38. Rc7 Rd8 39. Rb7 Nd7 40. d6 Kf6
41. f3 h4 42. Kf2 Kxf5 43. Bxf7 Ke5 44. Ra7 Nc5 45. Bc4 b5 46. Ba2 Rxd6 47. Rg7
Rd2+ 0-1

[Event "VI Festival A"]
[Site "Savigliano ITA"]
[Date "2007.06.02"]
[Round "4"]
[White "Araniti, Michelangelo"]
[Black "Blengino, Luca"]
[Result "0-1"]
[WhiteElo "1869"]
[BlackElo "1854"]
[PlyCount "86"]
[EventDate "2007.05.31"]

1. Nf3 Nf6 2. d4 g6 3. c4 Bg7 4. Nc3 d6 5. e4 O-O 6. h3 e5 7. d5 h5 8. Bg5 Qe8
9. Qd2 Nbd7 10. Bd3 Nh7 11. Bh6 Nc5 12. Bc2 a5 13. Be3 b6 14. Bxc5 bxc5 15. a4
Nf6 16. Nb5 Qd7 17. O-O-O Kh7 18. Ng5+ Kg8 19. Nf3 Nh7 20. Rdf1 f5 21. Nh4 fxe4
22. Nxg6 Rf6 23. Bxe4 Qf7 24. Qc2 Ng5 25. Nh4 Nxe4 26. Qxe4 Rf4 27. f3 Rxe4 28.
fxe4 Bh6+ 29. Kb1 Qh7 30. Nf5 Bf4 31. g4 Bd7 32. b3 Bxb5 33. cxb5 Rb8 34. Kc2
Kf7 35. g5 Kg6 36. Nh4+ Kxg5 37. Nf3+ Kh6 38. Kd3 Rg8 39. Rhg1 Rg3 40. h4 Qg6
41. Rxg3 Qxg3 42. Ke2 Qg6 43. Kd3 Qg2 0-1

[Event "VI Festival A"]
[Site "Savigliano ITA"]
[Date "2007.06.02"]
[Round "4"]
[White "Ariaudo, Claudio"]
[Black "Aghayev, Miragha"]
[Result "0-1"]
[WhiteElo "2025"]
[BlackElo "1923"]
[PlyCount "84"]
[EventDate "2007.05.31"]

1. d4 Nf6 2. c4 e6 3. Nf3 d5 4. cxd5 exd5 5. Bg5 Be7 6. Nc3 c6 7. Qc2 h6 8. Bh4
O-O 9. e3 Re8 10. Bd3 Ne4 11. Bxe4 Bxh4 12. Bh7+ Kh8 13. Bd3 Bf6 14. O-O Bg4
15. Nd2 Nd7 16. Rab1 a5 17. a3 b5 18. h3 Be6 19. Rfc1 Rc8 20. Qd1 g6 21. Ne2
Qb6 22. Nf4 Kg7 23. Nxe6+ fxe6 24. Qg4 Nf8 25. Nb3 h5 26. Qf3 e5 27. dxe5 Bxe5
28. Nc5 Bd6 29. b4 Ne6 30. bxa5 Qxa5 31. Nxe6+ Rxe6 32. Bxb5 Bxa3 33. Ra1 Rf8
34. Qd1 cxb5 35. Qxd5 Ref6 36. Rc5 Rxf2 37. Qe5+ Kh6 38. Rxb5 Qd2 39. Qg5+ Kh7
40. Rb7+ R2f7 41. Rb6 Bd6 42. Rba6 Qf2+ 0-1

[Event "VI Festival A"]
[Site "Savigliano ITA"]
[Date "2007.06.02"]
[Round "4"]
[White "Barletta, Mauro"]
[Black "Naumkin, Igor"]
[Result "0-1"]
[WhiteElo "2253"]
[BlackElo "2497"]
[PlyCount "36"]
[EventDate "2007.05.31"]

1. c4 e5 2. g3 Nf6 3. Bg2 d5 4. cxd5 Nxd5 5. Nc3 Nb6 6. Nf3 Nc6 7. O-O Be7 8.
a3 g5 9. d3 h5 10. b4 h4 11. Ne4 g4 12. Nfd2 f5 13. Nc5 hxg3 14. hxg3 Qd6 15.
Ndb3 Nd5 16. Qd2 b6 17. e4 f4 18. gxf4 Qh6 0-1

[Event "VI Festival A"]
[Site "Savigliano ITA"]
[Date "2007.06.02"]
[Round "4"]
[White "Belezky, Alexander"]
[Black "Malano, Francesco"]
[Result "1-0"]
[WhiteElo "2404"]
[BlackElo "1980"]
[PlyCount "21"]
[EventDate "2007.05.31"]

1. e4 c5 2. Nf3 d6 3. Bc4 e6 4. O-O Nc6 5. c3 Nf6 6. d4 cxd4 7. cxd4 Nxe4 8. d5
Ne5 9. dxe6 Bxe6 10. Bxe6 fxe6 11. Nxe5 1-0

[Event "VI Festival A"]
[Site "Savigliano ITA"]
[Date "2007.06.02"]
[Round "4"]
[White "Blundo, Michele"]
[Black "Cordara, Michele"]
[Result "0-1"]
[WhiteElo "1742"]
[BlackElo "2152"]
[PlyCount "48"]
[EventDate "2007.05.31"]

1. d4 Nf6 2. c4 e5 3. d5 Bc5 4. Nc3 d6 5. e3 O-O 6. g3 Bg4 7. Qb3 Nbd7 8. Bg2
a5 9. Bd2 Nb6 10. a4 Nfd7 11. Ne4 f5 12. Nc3 Bb4 13. Nce2 Nc5 14. Qc2 f4 15. f3
Bxd2+ 16. Kxd2 fxe3+ 17. Ke1 Bf5 18. Qc3 Nd3+ 19. Kf1 Nf2 20. Qxe3 Nxh1 21.
Bxh1 Nxc4 22. Qc3 Nb6 23. f4 exf4 24. Nxf4 g5 0-1

[Event "VI Festival A"]
[Site "Savigliano ITA"]
[Date "2007.06.02"]
[Round "4"]
[White "Davi, Alessandro"]
[Black "Finocchiaro, Gianluca"]
[Result "1/2-1/2"]
[WhiteElo "1731"]
[BlackElo "1939"]
[PlyCount "72"]
[EventDate "2007.05.31"]

1. d4 Nf6 2. c4 c5 3. d5 b5 4. cxb5 a6 5. bxa6 Bxa6 6. Nc3 d6 7. e4 Bxf1 8.
Kxf1 Nbd7 9. Nf3 g6 10. g3 Bg7 11. Kg2 O-O 12. Qc2 Ng4 13. Bd2 f5 14. Rhe1 fxe4
15. Nxe4 Nge5 16. Nxe5 Nxe5 17. f4 Nf7 18. a3 Qc7 19. Bc3 Bxc3 20. Qxc3 Qb7 21.
Rad1 Rfb8 22. Re2 Qd7 23. h4 Qg4 24. Qf3 Qxf3+ 25. Kxf3 Nh6 26. g4 Rb3+ 27. Nc3
Rab8 28. Rdd2 Kf7 29. Rh2 Kg7 30. Rde2 R8b7 31. a4 Ng8 32. g5 R7b4 33. Rhf2
Rxa4 34. Re4 Rxe4 35. Kxe4 Rb4+ 36. Kd3 Rd4+ 1/2-1/2

[Event "VI Festival A"]
[Site "Savigliano ITA"]
[Date "2007.06.02"]
[Round "4"]
[White "Gallucci, Alessio"]
[Black "Viglino, Antonio"]
[Result "1-0"]
[WhiteElo "1994"]
[BlackElo "1847"]
[PlyCount "51"]
[EventDate "2007.05.31"]

1. e4 c5 2. Nc3 Nc6 3. f4 g6 4. Nf3 Bg7 5. Bb5 Nd4 6. Nxd4 cxd4 7. Ne2 e6 8. c3
dxc3 9. dxc3 Ne7 10. Be3 O-O 11. O-O Qc7 12. Kh1 d5 13. e5 Nf5 14. Qe1 a6 15.
Bd3 b5 16. Nd4 Bb7 17. Qe2 Nxd4 18. Bxd4 Bc6 19. g4 Rac8 20. g5 h5 21. gxh6
Bxh6 22. Rf3 Qe7 23. Qf2 Qb7 24. Qh4 Bg7 25. Rh3 f5 26. exf6 1-0

[Event "VI Festival A"]
[Site "Savigliano ITA"]
[Date "2007.06.02"]
[Round "4"]
[White "Giacomasso, Enrico"]
[Black "Medaglia, Enzo"]
[Result "1-0"]
[WhiteElo "1948"]
[BlackElo "1840"]
[PlyCount "47"]
[EventDate "2007.05.31"]

1. e4 c6 2. d4 d5 3. Nc3 dxe4 4. Nxe4 Nf6 5. Ng3 Nbd7 6. Nf3 Qc7 7. Bc4 e6 8.
O-O Bd6 9. Re1 Nf8 10. Nf5 Rg8 11. Nxd6+ Qxd6 12. Ne5 Ng6 13. f4 Nd5 14. Bxd5
cxd5 15. Qd3 Bd7 16. Bd2 f5 17. Qh3 O-O-O 18. Nf7 Qc7 19. Nxd8 Nxf4 20. Qg3
Qxd8 21. Bxf4 g5 22. Qc3+ Bc6 23. Be5 g4 24. Qc5 1-0

[Event "VI Festival A"]
[Site "Savigliano ITA"]
[Date "2007.06.02"]
[Round "4"]
[White "Gioseffi, Massimiliano"]
[Black "Sattanino, Andrea"]
[Result "1-0"]
[WhiteElo "1939"]
[BlackElo "1855"]
[PlyCount "39"]
[EventDate "2007.05.31"]

1. d4 d5 2. c4 e6 3. Nc3 Nf6 4. Bg5 Be7 5. e3 O-O 6. Nf3 Nbd7 7. Bd3 dxc4 8.
Bxc4 c5 9. O-O b6 10. Qe2 cxd4 11. exd4 Bb7 12. Rfd1 Qc7 13. Bb3 Rfe8 14. Rac1
Rac8 15. Ne5 Qd8 16. Nxf7 Kxf7 17. Qxe6+ Kg6 18. h4 Rf8 19. g4 Rxc3 20. Qf5#
1-0